000 00883nam a2200253 a 4500
001 910
003 BD-RjUL
005 20211208233239.0
008 131124s1967 enkabef b 000 0 eng d
035 _a(BD-RjUL)932
040 _aDLC
_cDLC
_dDLC
_dBD-RjUL
_beng
041 _aeng
082 0 0 _a027.4
_221
_bEAM 1967
100 1 _aEastwood, Charles Ronald.
_92700
245 1 0 _aMobile libraries and other public library transport /
_cC. R. Eastwood.
260 _aLondon,
_bAssociation of Assistant Librarians,
_cc1967.
300 _a272 p. :
_b9 plates (incl. map), plans, tables. ;
_c23 cm.
504 _aBibliography: p. 255-263.
650 0 _aBookmobiles.
_92701
856 4 2 _3Worldcat Details
_uhttp://www.worldcat.org/title/mobile-libraries-and-other-public-library-transport/oclc/853319&referer=brief_results
942 _2ddc
_cBK
999 _c910
_d910